000
00262nam a2200097Ia 4500
001
1300075
005
20260420095857.0
008
260420s9999 xx 000 0 und d
245
0
_a
HALİDE EDİP'LE BİR GÜN
_c
MUSTAFA ORAKÇI
260
_b
TİMAŞ ÇOCUK YAYINLARI
999
_c
1300075
_d
1300075